| 000 | 00411cam a2200169ua 4500 | ||
|---|---|---|---|
| 020 | _c9.00 | ||
| 041 |
_ahin _h |
||
| 082 |
_a891.54 _bACH/RA |
||
| 100 | _aAcharya, Ramchandra Shukla . | ||
| 245 |
_aRas-meemamsa / _cAcharya Ramchandra Shukla. _hTextual Documents |
||
| 260 |
_a : _bNagaripracharini Sabha. |
||
| 300 | _a406 ; . | ||
| 365 | _a9.00 | ||
| 504 | _a | ||
| 942 | _cBK | ||
| 999 |
_c8208 _d8208 |
||